000 01393nab a22002657a 4500
999 _c6333
_d6333
003 OSt
005 20260130210933.0
008 190603e xxum|||| |||| 00| 0 spa d
040 _cPJ
100 _94602
_aVenini, Guillermina
245 1 0 _aNuevamente el nombre reparando derechos fundamentales de la persona humana :
_blos justos motivos /
_cGuillermina Venini, Agustín Venini.
260 _cCiudad Autónoma de Buenos Aires :
_aThomson Reuters La Ley,
_b2025.
300 _ap. 87-98
500 _aCita: TR LALEY AR/DOC/2268/2025 Publicado en: RCCyC 2025 (Octubre).
505 _aSumario: I. Los hechos.— II. Nombre: atributo de la personalidad y derecho humano.— III. Nombre, identidad y justos motivos.— IV. El caso. La violencia y el abandono.— V. Reflexiones finales.
505 _aFallo comentado: Unidad Procesal N° 10 de San Carlos de Bariloche ~ 03/07/2025 ~ P. H. N. Y. s/ nombre.
505 _t¿Te interesa el texto completo? Solicitalo al correo: koha@justierradelfuego.gov.ar
650 0 _91497
_aCODIGO CIVIL Y COMERCIAL
650 0 _9765
_aDERECHOS PERSONALÍSIMOS
650 0 _92345
_aDERECHO A LA IDENTIDAD
650 0 _95055
_aCAMBIO DE NOMBRE
700 _97002
_aVenini, Agustín
773 0 _02713
_93170
_dCiudad Autónoma de Buenos Aires : Thomson Reuters La Ley, 2015-
_tRevista Código Civil y Comercial. Nº 5 - Octubre 2025
942 _2udc
_cANA